| 000 | 00792nas a2200241 i 4500 | ||
|---|---|---|---|
| 001 | 2152 | ||
| 003 | ES-MaACL | ||
| 005 | 20250815000203.0 | ||
| 007 | t| | ||
| 008 | 950801d19201944fr | | 1 ||re d | ||
| 022 | _a0996-0236 | ||
| 245 | 0 | 3 |
_aLa Revue universelle / _cdir. Jacques Bainville. |
| 260 |
_aParis : _b[Imp. Plon Nourrit et Cie.], _c1920-1944. |
||
| 300 |
_a67 v. ; _c25 cm. |
||
| 310 | _aMensual | ||
| 321 |
_aQuincenal, _b1920-1943 |
||
| 362 | 0 | _aT.1, n°1 (1er avril 1920) - t.80, n°5 (1940) ; N.s. n°1 (1er janvier 1941) - n°86/87 (août 1944) | |
| 700 | 1 |
_aBainville, Jacques, _d1879-1936 _924735 |
|
| 700 | 1 |
_aMassis, Henri. _978833 |
|
| 852 |
_aES-MaACL _jHem-1041 |
||
| 866 | 0 | _o1920-34(1935),(1941f.n.1-7y9y23)1942(1943f.n.54)(1944) | |
| 999 |
_c2152 _d2152 |
||